Financial accounting reporting, analysis and decision making
Enregistré dans:
| Auteur principal: | |
|---|---|
| Autres auteurs: | , |
| Format: | Livre |
| Langue: | anglais |
| Publié: |
Milton
Wiley
2017
|
| Édition: | 5th ed. |
| Sujets: | |
| Tags: |
Pas de tags, Soyez le premier à ajouter un tag!
|
MARC
| LEADER | 00000nam a2200000 4500 | ||
|---|---|---|---|
| 001 | 0233624 | ||
| 005 | 20240221112731.2 | ||
| 020 | |a 978-0-7303-1374-8 | ||
| 041 | 0 | |a eng | |
| 044 | |a AU | ||
| 245 | 1 | 0 | |a Financial accounting |b reporting, analysis and decision making |c Shirley Carlon ... [et al.] |
| 250 | |a 5th ed. | ||
| 264 | 1 | |a Milton |b Wiley |c 2017 | |
| 300 | |a xviii, 946 s. | ||
| 610 | 2 | 0 | |a účtovníctvo finančné |
| 610 | 2 | 0 | |a výkazy finančné |
| 610 | 2 | 0 | |a analýza finančná |
| 610 | 2 | 0 | |a rozhodovanie finančné |
| 610 | 2 | 0 | |a systémy informačné |
| 610 | 2 | 0 | |a cash flow |
| 610 | 2 | 0 | |a štandardy účtovné americké |
| 100 | 1 | |a Carlon, Shirley | |
| 700 | 1 | |a Mcalpine-Mladenovic, Rosina | |
| 700 | 1 | |a Palm, Chrisann | |